LEADER 00898nam a2200241 i 4500 001 000000171154 003 CaOOAMICUS 005 20230331125433.0 008 080421s1961 it u000 u ita u 040 $aSeMil$bita 100 1 $aTecchi, Bonaventura,$d<1896-1968>.$0(OLS)http://semarc/name/21134 245 12$aL'arte di Thomas Mann /$cBonaventura Tecchi. 250 $a3. ed. 260 $aTorino :$bERI,$c1961. 300 $a132 p. ;$c18 cm. 490 1 $aERI classe unica ;$v53 600 14$aMann, Thomas <1875-1955>.$0(OLS)http://semarc/subject/6383 830 0$aERI classe unica ;$v53.$0(OLS)http://semarc/title/8387 850 $aSeMil 852 $aSeMil$W1$xVenegono$y1$m1R I 9$j239150$B122029$CSeMilBibl$Z2$F133301 $81 996 $6245$aL'arte di Thomas Mann$9(OLS)http://semarc/title/224440 996 $6260$aTorino :$bERI$9(OLS)http://semarc/publisher/31745 LEADER 01126nam a2200277 i 4500 001 000000048628 003 CaOOAMICUS 005 20030311000000.0 008 030311s1992 gw u000 u ger u 013 $a19798 020 $a3-429-01467-0 040 $aSeMil$bita 100 1 $aSudbrack, Josef,$c.$0(OLS)http://semarc/name/11841 245 10$aEugen Drewermann :$bum die Menschlichkeit des Christentums /$cJosef Sudbrack. 260 $aWürzburg :$bEchter,$ccopyr. 1992. 300 $a132 p. ;$c21 cm. 500 $aFondo Card. C.M. Martini. 650 4$aCristologia.$0(OLS)http://semarc/subject/173 650 4$aDrewermann, Eugen - Cristologia.$0(OLS)http://semarc/subject/10169 850 $aSeMil 852 $aSeMil$W1$xVenegono$y1$m2D III 54$j14783$B14783$CSeMilBibl$Z2$F14783 $81 941 1 $a4 961 $aOmaggio: Martini Card. Carlo Maria 996 $6020$a3-429-01467-0$9(OLS)http://semarc/number/21759 996 $6245$aEugen Drewermann :$bum die Menschlichkeit des Christentums$9(OLS)http://semarc/title/73617 996 $6260$aWürzburg :$bEchter$9(OLS)http://semarc/publisher/29704